000 00675cam a22002413a 4500
001 466
003 PGUSA
005 20140828082948.0
008 960301s1996||||xxu|||||s|||||000 | eng d
040 _aPGUSA
_beng
042 _adc
050 4 _aHV
050 4 _aGV
100 1 _aSteinmetz, Andrew,
_d1816-1877
245 1 4 _aThe Gaming Table :
_bIts Votaries and Victims. Volume I (of II)
_h[electronic resource] /
_cAndrew Steinmetz
260 _bProject Gutenberg,
_c1996
506 _aPublic domain in the USA.
516 _aElectronic text
653 _aGambling
830 0 _aProject Gutenberg
_v466
856 4 0 _uhttp://www.gutenberg.org/ebooks/466
942 _cEB
999 _c229817
_d229817